000 01544nam a2200373 c 4500
003 BLK
005 20240316160802.0
008 180408b bul|||||r ||||||| ||bul||
010 _aKNG00082952000
020 _a978-954-9446-53-1
_bиздат.: Балкани
040 _aBLK
041 _aBUL
_cBUL
080 _aНемска литература
_b821.112.2
_x-94
_z821.112.2-94
080 _aБългарска литература
_b821.163.2
_x-054.7-94
_z821.163.2-054.7-94
100 1 _aТроянов, Илия Маринов
_eпърви автор
_9262366
700 1 _aАнгелова, Пенка Емилова
_eпрев. от нем.
_9364138
139 _aТроянов, Илия Маринов
_bТ 86
245 1 0 _aКучешки времена
_bРеволюция менте - 1989
_cИлия Маринов Троянов; прев. от нем. Пенка Емилова Ангелова.
257 _aDEU
260 София
_bБалкани
_c2008
300 _a320 с.
_c20 см
380 _aX
490 1 _aПоредица Заедно в различията - Думи и Хора
500 _aОриг. загл. Hundezeiten / Ilija Trojanow. - Офс. изд. - 1 000 тир. - Библиогр. с. 317-319.
504 _a317-319
590 _aф
651 4 _aБългария
_9241624
852 _aЦб 239434
856 4 _qpdf
_u
856 4 _qpdf
_u
942 _cKNG
_n0
_011
944 _aCR
_c07.04.2008
_k30576
_lЦветомила Тодорова
944 _aED
_c20.11.2013
_k
999 _c78486
_d78486